[Event "Challenge"]
[Site "http://www.queenalice.com/game.php?id=362185"]
[Date "2008.2.27"]
[Round "-"]
[White "chessman"]
[Black "pultz"]
[Result "1-0"]
[WhiteElo "1991"]
[BlackElo "1478"]

1. e4 e5 2. Nf3 Nc6 3. Bc4 d6 4. h3 Nf6 5. d3 Be7 6. a3 Na5 7. Ba2 O-O 8. b4 Nc6
9. O-O a5 10. b5 Nd4 11. Nxd4 exd4 12. Bb2 c5 13. bxc6 bxc6 14. Bxd4 d5 15. exd5
Nxd5 16. Be3 Bf6 17. c3 Qe7 18. Bxd5 cxd5 19. d4 Bf5 20. Re1 Be4 21. Nd2 Rac8
22. Qb3 Rb8 23. Qa4 Qc7 24. c4 Bd3 25. c5 Rb2 26. Rab1 Bxb1 27. Nxb1 Qb7 28. Nc3
Bd8 29. Ne2 Bc7 30. Ng3 h6 31. Qd1 f5 32. Nh5 g5 33. Qd3 Rb3 34. Qd2 f4 35. Qc2
Kf7 36. Qf5+ Ke8 37. Bxf4+ Kd8 38. Bxc7+ Kxc7 39. Re7+ Kc6 40. Qe6+ 1-0

[Event "Challenge"]
[Site "http://www.queenalice.com/game.php?id=364868"]
[Date "2008.3.3"]
[Round "-"]
[White "pultz"]
[Black "MarcD"]
[Result "0-1"]
[WhiteElo "1478"]
[BlackElo "1756"]

1. d4 d5 2. Nc3 Nf6 3. Qd3 c6 4. e4 dxe4 5. Nxe4 e6 6. Bg5 Be7 7. Nf3 Nbd7 8.
Be2 O-O 9. h4 b6 10. O-O-O Bb7 11. Ne5 Nxe4 12. Bxe7 Qxe7 13. Qxe4 Rac8 14. Bd3
Nf6 15. g4 c5 16. Qf4 Bxh1 17. Rxh1 Qb7 18. Rg1 cxd4 19. Qxd4 Qd5 20. Nc4 Qxd4
21. Ne3 Qxd3 0-1

[Event "Challenge"]
[Site "http://www.queenalice.com/game.php?id=364869"]
[Date "2008.3.3"]
[Round "-"]
[White "MarcD"]
[Black "pultz"]
[Result "1-0"]
[WhiteElo "1923"]
[BlackElo "1476"]

1. d4 d5 2. Nf3 e6 3. Bf4 c5 4. e3 c4 5. c3 b5 6. a3 Nf6 7. Nbd2 Bd6 8. Bxd6
Qxd6 9. Qc2 O-O 10. Be2 Nc6 11. O-O h6 12. e4 Re8 13. e5 Qe7 14. exf6 Qxf6 15.
Rfe1 a5 16. Bf1 e5 17. dxe5 Nxe5 18. Nd4 Bd7 19. Qd1 Ng4 20. Qf3 Rxe1 21. Rxe1
Qg5 22. Nb1 Re8 23. Rxe8+ Bxe8 24. h3 Nf6 25. Qe3 Qg6 26. Nd2 Bd7 27. Qg3 Qxg3
28. fxg3 Ne4 29. Nxe4 dxe4 30. Kf2 g6 31. g4 f5 32. gxf5 gxf5 33. Ke3 Kf7 34.
Kf4 Kf6 35. Be2 Kg6 36. g4 fxg4 37. Bxg4 Bxg4 38. Kxg4 Kf6 39. Kf4 h5 40. h4 b4
41. axb4 axb4 42. cxb4 1-0

[Event "cbaroni"]
[Site "http://www.queenalice.com/game.php?id=368912"]
[Date "2008.3.10"]
[Round "4"]
[White "JMRNETO"]
[Black "pultz"]
[Result "1/2-1/2"]
[WhiteElo "1933"]
[BlackElo "1474"]

1. e4 e5 2. Nf3 Nc6 3. Bb5 Nf6 4. Nc3 Nd4 5. Bc4 Bb4 6. Nxe5 Bxc3 7. dxc3 Ne6 8.
Qf3 d6 9. Ng4 Nc5 10. Nxf6+ Qxf6 11. Qxf6 gxf6 12. Bd3 Be6 13. Be3 O-O-O 14. O-O
h5 15. f4 Nxd3 16. cxd3 a6 17. f5 Bd7 18. a4 Bc6 19. b3 d5 20. Bd4 Rh6 21. Rfe1
Re8 22. Re2 dxe4 23. dxe4 Rxe4 24. Rae1 Rxe2 25. Rxe2 Bd5 26. c4 Bc6 27. Re7 b5
28. axb5 axb5 29. cxb5 Bxb5 30. Rxf7 Bd3 31. Bxf6 Bxf5 32. Be5 Bd7 33. b4 c6 34.
Kf2 Be8 35. Rg7 Re6 36. Rg5 h4 37. Bd4 Bd7 38. Kf3 Kb7 39. Rg7 Kc7 40. Rh7 c5
41. Bxc5 Rf6+ 42. Ke4 Rg6 43. Rxh4 Rxg2 44. Kf3 Rc2 45. Rh7 Kc6 46. h4 Rc4 47.
h5 Bf5 48. h6 Bxh7 49. Bf8 Kb5 50. Ke3 1/2-1/2

[Event "Fischer 43/08"]
[Site "http://www.queenalice.com/game.php?id=386626"]
[Date "2008.4.12"]
[Round "1"]
[White "stuge"]
[Black "pultz"]
[Result "0-1"]
[WhiteElo "1459"]
[BlackElo "1490"]

1. e4 Nc6 2. d4 e5 3. Nf3 d5 4. c3 Bg4 5. Bg5 f6 6. Bh4 dxe4 7. Qa4 exf3 8. gxf3
Bxf3 9. Rg1 Qd5 10. Nd2 Bh5 11. Bc4 Qd6 12. Bg3 O-O-O 13. Ne4 Qd7 14. d5 Nce7
15. Qxa7 c6 16. Nc5 Qc7 17. Ne6 Qd6 18. Nxd8 Qxd8 19. dxc6 Nxc6 20. Be6+ Kc7 21.
Rd1 Qxd1# 0-1

[Event "Challenge"]
[Site "http://www.queenalice.com/game.php?id=387816"]
[Date "2008.4.15"]
[Round "-"]
[White "Guiguiu"]
[Black "pultz"]
[Result "1-0"]
[WhiteElo "1522"]
[BlackElo "1474"]

1. c4 d5 2. c5 d4 3. d3 e5 4. b4 a5 5. Ba3 Nc6 6. Qa4 Be6 7. bxa5 Rxa5 8. Qc2 b5
9. cxb6 Bxa3 10. Nxa3 Rxa3 11. Qxc6+ Bd7 12. Qc5 Rc3 13. Qxe5+ Be6 14. Qxg7 f6
15. Qxh8 Qe7 16. g3 Kf8 17. Bh3 Bxh3 18. Nxh3 cxb6 19. O-O Qxe2 20. Nf4 Qd2 21.
Qxh7 Ne7 22. Ne6+ Ke8 23. Qh5+ Kd7 24. Nf4 Rc2 25. a4 Rc5 26. Qf7 Rf5 27. Qe6+
Ke8 28. Ng6 Qb4 29. Nxe7 Qxe7 30. Qxf5 Kf7 31. Qd5+ Qe6 32. Qxd4 1-0

[Event "Challenge"]
[Site "http://www.queenalice.com/game.php?id=388117"]
[Date "2008.4.15"]
[Round "-"]
[White "cdare"]
[Black "pultz"]
[Result "0-1"]
[WhiteElo "1692"]
[BlackElo "1505"]

1. e4 e5 2. Nf3 d6 3. h3 Nf6 4. Nc3 c6 5. Bc4 b5 6. Nxb5 cxb5 7. Bxb5+ Bd7 8.
Bxd7+ Nbxd7 9. d3 Rb8 10. b3 d5 11. Bb2 dxe4 12. Nxe5 Nc5 13. Nc6 Nxd3+ 14. cxd3
Qxd3 15. Qxd3 exd3 16. Nxb8 Bb4+ 17. Kf1 Bc5 18. Bxf6 gxf6 19. g3 O-O 20. Na6
Bb6 21. Kg2 Ba5 22. a3 Bc3 23. Rad1 d2 24. Nc5 f5 25. f4 Ra8 26. b4 a5 27. Na4
axb4 28. Nxc3 bxc3 29. Ra1 c2 30. Kf2 Rxa3 31. Raf1 Rc3 32. Ke2 c1=Q 33. Rd1 Qc2
34. Rxd2 Qe4+ 35. Kf1 Qxh1+ 0-1

[Event "Challenge"]
[Site "http://www.queenalice.com/game.php?id=388118"]
[Date "2008.4.15"]
[Round "-"]
[White "pultz"]
[Black "cdare"]
[Result "1-0"]
[WhiteElo "1528"]
[BlackElo "1677"]

1. e4 e5 2. Nf3 Nc6 3. c3 Nf6 4. d3 Bc5 5. d4 Bb6 6. Bd3 d6 7. Qe2 Bg4 8. Be3
O-O 9. h3 Bxf3 10. Qxf3 Qd7 11. Na3 a6 12. Nc4 Ba7 13. O-O Ne7 14. Rfd1 Ng6 15.
Qg3 Nh5 16. Qg5 Nhf4 17. Qf5 Qxf5 18. exf5 Nh4 19. g3 Nxd3 20. gxh4 e4 21. Rab1
d5 22. Na5 Rab8 23. f3 Rfe8 24. Kg2 Bb6 25. Nb3 c6 26. Rd2 Bd8 27. Kg3 h6 28.
Rbd1 Kh7 29. fxe4 dxe4 30. Rxd3 exd3 31. Rxd3 Bf6 32. Nc5 Re7 33. Bf4 Rd8 34.
Re3 Rde8 35. Rxe7 Rxe7 36. Kg4 a5 37. Bd6 Re2 38. Nxb7 Rxb2 39. Nxa5 Rxa2 40.
Bb4 Rb2 41. Nxc6 g6 42. Ne7 Bxe7 43. Bxe7 Rc2 44. Bb4 Kg7 45. d5 Ra2 46. fxg6
fxg6 47. h5 Rg2+ 48. Kf3 Rg5 49. d6 Rxh5 50. Ke4 Rh4+ 51. Kd5 Rxh3 52. c4 Rd3+
53. Kc6 h5 54. d7 h4 55. Bd6 h3 56. d8=Q 1-0

[Event "Aberto de Xadrez"]
[Site "http://www.queenalice.com/game.php?id=388139"]
[Date "2008.4.15"]
[Round "1"]
[White "pultz"]
[Black "anax"]
[Result "1-0"]
[WhiteElo "1620"]
[BlackElo "1664"]

1. e4 e6 2. e5 f6 3. d4 fxe5 4. dxe5 c6 5. Nf3 h6 6. a3 g5 7. h3 Bg7 8. Qd6 Ne7
9. g4 Nd5 10. h4 Bf8 11. hxg5 Bxd6 12. exd6 Qa5+ 13. Bd2 Qc5 14. Nc3 Qxd6 15.
gxh6 Nf6 16. g5 Nd5 17. g6 Rg8 18. Bd3 Nf6 19. h7 Nxh7 20. gxh7 Rh8 21. Bg6+ Kd8
22. Ne4 Qd5 23. Nfg5 Kc7 24. Nf7 Qd4 25. Bc3 Rxh7 26. Rxh7 Qd5 27. Rd1 Qb5 28.
Be5+ Kb6 29. Ned6 Qa4 30. Nxc8+ Ka6 31. Rh8 Qg4 32. Bd3+ b5 33. Ncd6 Kb6 34. b3
a5 35. c4 b4 36. Ra1 c5 37. Nb5 Qf3 38. Bc7+ Ka6 39. Ne5 Qf6 40. Rc8 Kb7 41.
Nd6+ Ka7 42. Ne8 Qg5 43. Nf3 Qg4 44. Ke2 Nc6 45. Rxa8+ Kxa8 46. axb4 cxb4 47.
Bxa5 Nxa5 48. Rxa5+ Kb8 49. Rb5+ Kc8 50. Rxb4 Kd8 51. Nd6 Qg7 52. Rb5 Qb2+ 53.
Ke3 Qc1+ 54. Ke2 Ke7 55. c5 Qb2+ 56. Ke3 Qc1+ 57. Ke2 Qb2+ 58. Nd2 Qe5+ 59. N2e4
Qh5+ 60. f3 Qh2+ 61. Ke3 Qg1+ 62. Nf2 Qe1+ 63. Be2 Qc3+ 64. Bd3 Qe1+ 65. Be2
Qc1+ 66. Kd3 Qb1+ 67. Kd2 Qb2+ 68. Ke1 Qc3+ 69. Kf1 Qc1+ 70. Bd1 Qe3 71. Nc4 Qd4
72. Nb6 Qa1 73. Nc8+ Kf6 74. f4 Qa6 75. Ne4+ Kg7 76. Ncd6 Kg6 77. Be2 Qa1+ 78.
Kf2 Qd4+ 79. Kf3 Qd5 80. Rb7 Qh5+ 81. Ke3 Qh3+ 82. Bf3 Qh7 83. b4 Qg7 84. b5 e5
85. fxe5 Qxe5 86. c6 1-0

[Event "Challenge"]
[Site "http://www.queenalice.com/game.php?id=389043"]
[Date "2008.4.17"]
[Round "-"]
[White "RAFAELI"]
[Black "pultz"]
[Result "0-1"]
[WhiteElo "1721"]
[BlackElo "1550"]

1. e4 e5 2. Bc4 Nf6 3. Nc3 c6 4. a4 d5 5. exd5 cxd5 6. Bb5+ Bd7 7. Bxd7+ Qxd7 8.
Nf3 Nc6 9. d3 d4 10. Ne2 Bb4+ 11. c3 Bc5 12. b4 Bd6 13. b5 Na5 14. cxd4 exd4 15.
Nfxd4 Be5 16. Bb2 Qd5 17. f3 a6 18. bxa6 bxa6 19. Rc1 O-O 20. Rg1 Bxh2 21. Rh1
Be5 22. Rh4 Rab8 23. Bc3 Rfe8 24. Kf1 Nb3 25. Nxb3 Rxb3 26. d4 Rxc3 27. Rxc3 Bd6
28. g4 Qg5 29. Rh3 h5 30. gxh5 Nxh5 31. Qd3 Rxe2 32. Kxe2 Nf4+ 33. Kd1 Nxd3 34.
Rxd3 Qg2 35. Rh4 Bb4 36. d5 Qf1+ 37. Kc2 Qf2+ 38. Kb3 Qxh4 39. Re3 Qd4 40. Re8+
Kh7 41. Rc8 a5 42. Rd8 Qc3+ 43. Ka2 Qa3+ 44. Kb1 f6 45. f4 g6 46. Rd7+ Kg8 47.
Rd8+ Kf7 48. Rd7+ Ke8 49. Rc7 Qxa4 50. Rg7 Qb3+ 51. Kc1 Qe3+ 52. Kb1 Qe4+ 53.
Kc1 Qxf4+ 54. Kb1 Qe4+ 55. Kc1 a4 56. Rg8+ Kf7 57. Rb8 Bd6 58. Rb7+ Kg8 59. Ra7
a3 60. Ra6 Qc4+ 0-1

[Event "Challenge"]
[Site "http://www.queenalice.com/game.php?id=422222"]
[Date "2008.6.24"]
[Round "-"]
[White "pultz"]
[Black "cdare"]
[Result "1-0"]
[WhiteElo "1603"]
[BlackElo "1620"]

1. d4 Nf6 2. Nc3 d5 3. Qd3 Nc6 4. Nf3 Bg4 5. e3 Bxf3 6. gxf3 e6 7. e4 h6 8. e5
Nd7 9. Bf4 g5 10. Bg3 Qe7 11. a3 O-O-O 12. O-O-O Bg7 13. h4 Nb6 14. hxg5 Qxg5+
15. f4 Qe7 16. Bh4 Qe8 17. Rg1 Bf8 18. Bf6 Be7 19. Bg7 Rg8 20. Qh7 Bh4 21. Rg2
Ne7 22. Qxh6 Nf5 23. Qh7 Be7 24. Bb5 c6 25. Bd3 Nxg7 26. Rxg7 Rxg7 27. Qxg7 Bf8
28. Qf6 Be7 29. Qg7 a6 30. f5 Qf8 31. Qg4 Bxa3 32. fxe6 fxe6 33. Qxe6+ Nd7 34.
Qg4 Kb8 35. bxa3 Qxa3+ 36. Kd2 Qf8 37. f4 b5 38. Re1 a5 39. e6 Nf6 40. Qg5 Re8
41. Bg6 Re7 42. f5 Kc7 43. Qf4+ Kb6 44. Qd6 a4 45. Qc5+ Kc7 46. Nxb5+ Kd8 47.
Qd6+ Kc8 48. Qxc6+ Kb8 49. Qd6+ Kb7 50. Kd3 Qg7 51. Ra1 1-0

[Event "Challenge"]
[Site "http://www.queenalice.com/game.php?id=422227"]
[Date "2008.6.24"]
[Round "-"]
[White "cdare"]
[Black "pultz"]
[Result "0-1"]
[WhiteElo "1618"]
[BlackElo "1586"]

1. e4 d5 2. exd5 Qxd5 3. Nc3 Qe5+ 4. Be2 e6 5. Nf3 Qf6 6. Nb5 Bd6 7. Nxd6+ cxd6
8. d4 d5 9. Bg5 Qf5 10. Bd3 Qg4 11. O-O Nf6 12. Bxf6 gxf6 13. Kh1 Rg8 14. Rg1 h6
15. Qd2 h5 16. h3 Qg7 17. Qc3 Nc6 18. Qd2 e5 19. Rae1 Be6 20. c3 a6 21. Kh2 e4
22. Bxe4 dxe4 23. Rxe4 f5 24. Ree1 Rd8 25. d5 Ne7 26. c4 b5 27. b3 Qf6 28. Qa5
Bc8 29. Rd1 Qd6+ 30. g3 f4 31. Qd2 fxg3+ 32. fxg3 Nf5 33. Qe2+ Kf8 34. Qe5 Qa3
35. Ra1 bxc4 36. bxc4 Qxf3 37. Raf1 Qd3 38. Rxf5 Bxf5 0-1

[Event "Challenge"]
[Site "http://www.queenalice.com/game.php?id=424047"]
[Date "2008.6.27"]
[Round "-"]
[White "chessman"]
[Black "pultz"]
[Result "1-0"]
[WhiteElo "2061"]
[BlackElo "1588"]

1. e4 e5 2. Nf3 d6 3. d4 Nf6 4. dxe5 Nxe4 5. exd6 Qxd6 6. Bd3 Qd5 7. O-O Be7 8.
Bxe4 Qxe4 9. Re1 Qc6 10. Nc3 O-O 11. Rxe7 Be6 12. Rxe6 Qxe6 13. Be3 Nc6 14. Qd5
Rae8 15. Bc5 Qxd5 16. Nxd5 Re2 17. Bxf8 Kxf8 18. Ne3 Nb4 19. Kf1 Rxe3 20. fxe3
Nxc2 21. Rc1 Nxe3+ 22. Kf2 Nd5 23. Re1 Nb4 24. Ne5 g6 25. a3 Nd5 26. g3 Nf6 27.
Kf3 Kg7 28. Ng4 Nd5 29. Re5 c6 30. Rxd5 cxd5 31. Ke3 f5 32. Ne5 Kf6 33. Kd4 Ke6
34. b4 b5 35. Nd3 h5 36. Nf4+ Kf6 37. Kxd5 a6 38. Ne6 g5 39. Nc5 f4 40. gxf4
gxf4 41. Ke4 Kg5 42. Kf3 1-0

[Event "Challenge"]
[Site "http://www.queenalice.com/game.php?id=474879"]
[Date "2008.10.9"]
[Round "-"]
[White "cdare"]
[Black "pultz"]
[Result "1-0"]
[WhiteElo "1637"]
[BlackElo "1655"]

1. e4 e5 2. Nf3 Nc6 3. Nc3 Nf6 4. Bc4 d6 5. h3 Be6 6. Bxe6 fxe6 7. d3 d5 8. Bg5
Bb4 9. a3 Bc5 10. O-O O-O 11. b4 Bd4 12. Nxd4 Nxd4 13. exd5 exd5 14. Ne2 Qd6 15.
Nxd4 exd4 16. f4 Nh5 17. Qxh5 Rf5 18. Qg4 Raf8 19. g3 h6 20. Bh4 Qc6 21. Qd1 g5
22. g4 Rxf4 23. Rxf4 gxh4 24. Rxf8+ Kxf8 25. Qf3+ Kg7 26. Rf1 Qe6 27. Qf8+ Kg6
28. Kg2 Qe2+ 29. Rf2 Qe5 30. Qf7+ Kg5 31. Qh5# 1-0

[Event "Challenge"]
[Site "http://www.queenalice.com/game.php?id=480571"]
[Date "2008.10.21"]
[Round "-"]
[White "pultz"]
[Black "cdare"]
[Result "1-0"]
[WhiteElo "1638"]
[BlackElo "1667"]

1. d4 Nf6 2. Nc3 e6 3. a3 d5 4. Qd3 Nc6 5. e4 dxe4 6. Nxe4 Nxe4 7. Qxe4 Nxd4 8.
Be3 Bc5 9. c3 Nb3 10. Rd1 Qf6 11. Qa4+ c6 12. Qxb3 Bxe3 13. fxe3 O-O 14. Nf3 e5
15. Qb4 b6 16. Bd3 c5 17. Qe4 Be6 18. Qxh7# 1-0

[Event "Challenge"]
[Site "http://www.queenalice.com/game.php?id=495405"]
[Date "2008.11.19"]
[Round "-"]
[White "pultz"]
[Black "cdare"]
[Result "1-0"]
[WhiteElo "1640"]
[BlackElo "1677"]

1. d4 Nf6 2. d5 e6 3. Nc3 Bb4 4. dxe6 fxe6 5. Qd4 Nc6 6. Qf4 e5 7. Qg3 Qe7 8.
Bg5 Bxc3+ 9. bxc3 d6 10. e3 O-O 11. Bc4+ Kh8 12. e4 a6 13. Nf3 Be6 14. Bd5 Bxd5
15. exd5 Na5 16. O-O Qf7 17. Rfd1 Ne4 18. Qh4 Nxg5 19. Nxg5 Qg6 20. Rd3 b5 21.
Rh3 h6 22. Rg3 Qxc2 23. Rf1 Qxa2 24. Ne6 Rf7 25. Rxg7 Rxg7 26. Qxh6+ Rh7 27.
Qf6+ Kg8 28. Qg6+ Kh8 29. f4 Qxd5 30. f5 Nc4 31. Ng5 Rg7 32. Qh6+ Kg8 33. f6
Rxg5 34. Qxg5+ Kf7 35. Qg7+ Ke8 36. f7+ 1-0

[Event "Challenge"]
[Site "http://www.queenalice.com/game.php?id=498617"]
[Date "2008.11.26"]
[Round "-"]
[White "cdare"]
[Black "pultz"]
[Result "1-0"]
[WhiteElo "1734"]
[BlackElo "1657"]

1. e4 e5 2. Nf3 Nc6 3. Nc3 Nf6 4. Bc4 Bc5 5. O-O O-O 6. a3 d6 7. Qe1 Bg4 8. Nh4
Nd4 9. Bb3 c6 10. d3 b5 11. Be3 Be6 12. Bxd4 exd4 13. Ne2 Ng4 14. Nf3 Qf6 15. h3
Ne5 16. Nxe5 dxe5 17. f4 a5 18. fxe5 Qxe5 19. Qg3 Qh5 20. Nf4 Qe5 21. Bxe6 fxe6
22. Qg4 Bd6 23. g3 g5 24. Nh5 Rf7 25. Rxf7 Kxf7 26. Rf1+ Kg6 27. Rf6+ Qxf6 28.
Nxf6 Kxf6 29. Kg2 c5 30. Qh5 b4 31. Qxh7 Bf8 32. a4 Re8 33. Qa7 Rc8 34. Qxa5 c4
35. Qb5 cxd3 36. cxd3 Rc2+ 37. Kf3 Rxb2 38. Kg4 e5 39. a5 Rc2 40. a6 Bc5 41. Qb7
Rc3 42. a7 Bxa7 43. Qxa7 b3 44. Qa6+ Ke7 45. Kxg5 Kd7 46. Qb5+ Kd6 47. h4 1-0

[Event "Challenge"]
[Site "http://www.queenalice.com/game.php?id=545748"]
[Date "2009.2.24"]
[Round "-"]
[White "pultz"]
[Black "cdare"]
[Result "0-1"]
[WhiteElo "1631"]
[BlackElo "1675"]

1. d4 Nf6 2. Nc3 e6 3. e4 Bb4 4. a3 Bxc3+ 5. bxc3 Nxe4 6. Qd3 Nf6 7. Qg3 O-O 8.
Bg5 Nc6 9. Bh6 Nh5 10. Qg4 g6 11. d5 Ne5 12. Qd4 d6 13. Bc4 Re8 14. Nf3 Qf6 15.
Nxe5 Qxe5+ 16. Be3 Qxd4 17. Bxd4 e5 18. Be3 Bf5 19. Bd3 Bxd3 20. cxd3 b6 21. d4
e4 22. O-O f5 23. f3 exf3 24. Rxf3 Nf6 25. c4 Ng4 26. Re1 Re4 27. h3 Nxe3 28.
Rexe3 Rxd4 29. Rc3 Re8 30. Rf2 Ree4 0-1

[Event "Challenge"]
[Site "http://www.queenalice.com/game.php?id=547497"]
[Date "2009.2.27"]
[Round "-"]
[White "pultz"]
[Black "sejalivre"]
[Result "1-0"]
[WhiteElo "1644"]
[BlackElo "1616"]

1. d4 Nf6 2. Nc3 d5 3. Nf3 h6 4. e3 Nc6 5. Bd3 g6 6. e4 dxe4 7. Nxe4 Bg7 8. O-O
O-O 9. Be3 Ng4 10. c3 e5 11. dxe5 Nxe3 12. fxe3 f5 13. Nc5 Nxe5 14. Qb3+ Kh7 15.
Nxe5 Bxe5 16. e4 f4 17. Ne6 Bxe6 18. Qxe6 Rf6 19. Qxe5 Qxd3 20. Qxf6 Qe3+ 21.
Rf2 Qxe4 22. Rxf4 Qe3+ 23. Rf2 Qe8 24. Raf1 Kg8 25. h4 h5 26. Rf3 a5 27. Rg3 Qe4
28. Rxg6+ Qxg6 29. Qxg6+ Kh8 30. Rf7 1-0

[Event "Aberto de Xadrez"]
[Site "http://www.queenalice.com/game.php?id=560687"]
[Date "2009.3.24"]
[Round "3"]
[White "pultz"]
[Black "Jac"]
[Result "0-1"]
[WhiteElo "1659"]
[BlackElo "1771"]

1. e4 e5 2. Nf3 Nc6 3. c3 Nf6 4. Bc4 h6 5. Qb3 Qe7 6. Na3 Na5 7. Nb5 Nxb3 8.
axb3 Qc5 9. d4 exd4 10. cxd4 Qb6 11. Be3 c5 12. dxc5 Bxc5 13. O-O Nxe4 14. Rae1
f5 15. Bf4 d6 0-1

[Event "Challenge"]
[Site "http://www.queenalice.com/game.php?id=566847"]
[Date "2009.4.4"]
[Round "-"]
[White "cdare"]
[Black "pultz"]
[Result "1-0"]
[WhiteElo "1659"]
[BlackElo "1647"]

1. e4 e5 2. Nf3 Nf6 3. Nxe5 Nxe4 4. Nxf7 Nxf2 5. Qe2+ Qe7 6. Qxe7+ Bxe7 7. Nxh8
Nxh1 8. Nc3 Bc5 9. Bc4 Bf2+ 10. Kf1 Nc6 11. d3 Nd4 12. Nd5 Kd8 13. Bg5+ 1-0